Music Quiz

Random Music or Song Quiz

Name the Against the Current song by its opening line Quiz Stats

 Plays Quiz not verified by Sporcle

Challenge
Share
Tweet
Embed
Score 0/10 Timer 02:00
0 Plays Today
Hint Answer % Correct
Do you remember feeling invincible?Gravity
89%
It's a brand new day, it's never too late to startBrighter
85.5%
They don't hear us, read us bedtime stories from their textbooksRunning with the wild things
84.1%
Outside we're lonely but we are freeOutsiders
80%
You're so bad for me and I know itBlood like gasoline
75.2%
Dear whoever do you remember?Forget me now
71.7%
You got this subtle kind of way of making everything turn greyComeback kid
70.3%
Rooftop tonight we are the skylineInfinity
68.3%
Have you had a million reasons why you wish you'd never seen the truthParalyzed
67.6%
It's been a minute everything's the same but differentOne more weekend
55.2%

You're not logged in!

Compare scores with friends on all Sporcle quizzes.
Join for Free
OR
Log In

You Might Also Like...

Show Comments

Extras

Created Jun 5, 2016ReportNominate
Tags:Song Quiz, against

Top Quizzes Today


Score Distribution

Your Account Isn't Verified!

In order to create a playlist on Sporcle, you need to verify the email address you used during registration. Go to your Sporcle Settings to finish the process.

Report this User

Report this user for behavior that violates our Community Guidelines.

Details: